Zusammengesetzte Wörter 2 - Statistiken

Allgemein
  • Dieses Quiz wurde 1.142 mal gespielt
    256 seit der letzten Aktualisierung
  • Das Durchschnittsergebnis liegt bei 9 aus 18
Antwortstatistiken
Wort Antwort Wort % Korrekt
FLITTER WOCHEN BETT
93%
FLASCHEN HALS / ZUG BAND
78%
WOLKEN BRUCH LANDUNG
70%
BAUCH NABEL SCHNUR
68%
LEIN TUCH FÜHLUNG
68%
RING FINGER HUT
59%
SCHLITZ OHR WURM
52%
WARTE SCHLANGEN GIFT
50%
TAUBEN SCHLAG ZEUG
48%
PFLEGE MUTTER SPRACHE
46%
KERN SEIFEN BLASEN
45%
FENSTER BRETT SPIEL
40%
OHR MUSCHEL KALK
35%
KAISER SCHNITT LAUCH
32%
VATER LAND ZUNGE
31%
SCHNEE KETTEN / FREI BRIEF
28%
JÄGER ZAUN KÖNIG
24%
TASCHEN GELD TRANSPORTER
19%
Keine übereinstimmenden Quizze gefunden
Verteilung der Resultate
Anzahl Personen mit jedem Resultat
Perzentil nach korrekt beantworteten Fragen
Ihre Resultats-Entwicklung
Sie haben dieses Quiz seit der letzten Aktualisierung nicht gespielt